Los Medios propios o servicios técnicos en la ley de contratos del sector público : su incidencia en la gestión de los servicios públicos locales / su incidencia en la gestión de los servicios públicos locales /

per Montoya Martín, Encarnación

ISBN: 9788461286263
Publicat: Barcelona : Fundación Democarcia y Gobierno Local , 2009
Descripció física: 201 pàgines ; 21 cm
Idioma: Espanyol

MARC

LEADER 00000nam a2200000 a 4500
001 26324
005 20260324181134.0
008 090324s2009 spc|||| |||| 0|0 0 spa
017 |a DL B. 4741-2009  |b Biblioteca de Catalunya 
020 |a 9788461286263 
043 |a e-sp--- 
080 |a Bib-848 
100 |a Montoya Martín, Encarnación  |9 18871  |e autor 
245 1 4 |a Los Medios propios o servicios técnicos en la ley de contratos del sector público :  |b su incidencia en la gestión de los servicios públicos locales /  |c Encarnación Montoya Martín 
260 |a Barcelona :  |b Fundación Democarcia y Gobierno Local,  |c 2009 
300 |a 201 pàgines ;  |c 21 cm 
490 1 |a Serie claves del gobierno local ;  |v 9 
504 |a Bibliografia p. 199-201 
650 0 |a Contractes administratius  |2 Arxiu  |9 23438  |x Espanya 
650 0 |a Administració local  |z Espanya   |9 37433 
710 2 |a Fundació Democràcia i Govern Local  |9 52936 
830 |a Serie claves del gobierno local  |v 9  |9 53979 
908 |a BC  |a GCDAC  |a EAPC 
940 |a BC 
942 |2 udc  |c ARXIU  |n 1 
952 |0 0  |1 0  |4 0  |6 BIB848  |7 1  |9 63083  |a Arxiu  |b Arxiu  |d 2022-07-25  |l 0  |o Bib-848  |p 26324  |r 2022-07-25 00:00:00  |w 2022-07-25  |y ARXIU 
999 |c 82424  |d 82424